000
00223nam a22001097a 4500
999
_c
167626
_d
167626
082
_a
_b
100
_a
Premchand
245
_a
Nirmala/
_c
by Premchand.
260
_a
New Delhi:
_b
Sumitre,
_c
650
_a
942
_c
BK